Political outlook in India today. (Record no. 828)

MARC details
000 -LEADER
fixed length control field 00539cam a2200181ua 4500
001 - CONTROL NUMBER
control field 905
005 - DATE AND TIME OF LATEST TRANSACTION
control field 20260515113236.0
008 - FIXED-LENGTH DATA ELEMENTS--GENERAL INFORMATION
fixed length control field 110423n ii |||gr||||Z||||||eng
040 ## - CATALOGING SOURCE
Transcribing agency MAIN
082 ## - DEWEY DECIMAL CLASSIFICATION NUMBER
Classification number 320.954
245 1# - TITLE STATEMENT
Title Political outlook in India today.
Remainder of title A pre election study.
250 ## - EDITION STATEMENT
Edition statement 1st. /
Remainder of edition statement Edited by J R Chandan & M M Thomas.
260 ## - PUBLICATION, DISTRIBUTION, ETC.
Place of publication, distribution, etc. Banglore.:
Name of publisher, distributor, etc. Committee for literature & social concerns.,956.
300 ## - PHYSICAL DESCRIPTION
Extent 176 p.:
Dimensions 21 cm.
653 ## - INDEX TERM--UNCONTROLLED
Uncontrolled term Political science.
653 ## - INDEX TERM--UNCONTROLLED
Uncontrolled term Political outlook in India today.
942 ## - ADDED ENTRY ELEMENTS (KOHA)
Koha item type Books
Holdings
Withdrawn status Lost status Damaged status Not for loan Home library Current library Shelving location Date acquired Total checkouts Full call number Barcode Date last seen Copy number Price effective from Koha item type
        Naharkatiya College Library Naharkatiya College Library General stacks 09/19/2020   320.954 | POL 140 09/19/2020 1 09/19/2020 Books